Countries Closest to Sweden - Statistics

General Stats
  • This quiz has been taken 4,115 times
  • The average score is 19 of 20
Answer Stats
km country miles % Correct
0 Finland 0
100%
0 Norway 0
100%
4 Denmark 2
99%
72 Germany 45
99%
208 Russia 129
98%
685 United Kingdom 426
98%
150 Estonia 93
97%
154 Poland 96
97%
144 Latvia 89
96%
195 Lithuania 121
96%
658 Belgium 409
94%
433 Netherlands 269
94%
776 France 482
91%
515 Belarus 320
90%
710 Austria 441
88%
480 Czechia 298
88%
732 Luxembourg 455
88%
718 Slovakia 446
86%
694 Ukraine 431
85%
846 Hungary 525
82%
No matching quizzes found
Score Distribution
Percent of People with Each Score
Percentile by Number Answered
Your Score History
You have not taken this quiz